[Event "Stay Safe Play From Home 172"]
[Site "T#646326Emanuel Laske"]
[Date "2020.05.25"]
[Round "9"]
[White "Fischer_11"]
[Black "Mepe_Nika"]
[Result "0-1"]
[WhiteElo "1903"]
[BlackElo "2238"]
[Annotator "NA"]
[PlyCount "72"]
[EventDate "2020.05.25"]
[EventType "swiss (blitz)"]

1. e4 {[%emt 0:00:02]} e5 {[%emt 0:00:01]} 2. Nc3 {[%emt 0:00:01]} Nf6 {[%emt 0:00:01]} 3. Bc4 {[%emt 0:00:00]} Bc5 {[%emt 0:00:01]} 4. d3 {[%emt 0:00:01]} Nc6 {[%emt 0:00:01]} 5. f4 {[%emt 0:00:00]} d6 {[%emt 0:00:01]} 6. Nf3 {[%emt 0:00:00]} exf4 {[%emt 0:00:01]} 7. Bxf4 {[%emt 0:00:01]} Be6 {[%emt 0:00:01]} 8. Bb3 {[%emt 0:00:01]} Nd4 {[%emt 0:00:03]} 9. Na4 {[%emt 0:00:01]} Nxb3 {[%emt 0:00:04]} 10. axb3 {[%emt 0:00:01]} O-O {[%emt 0:00:01]} 11. Nxc5 {[%emt 0:00:02]} dxc5 {[%emt 0:00:00]} 12. O-O {[%emt 0:00:01]} Nd7 {[%emt 0:00:01]} 13. Ng5 {[%emt 0:00:03]} Re8 {[%emt 0:00:03]} 14. Qh5 {[%emt 0:00:02]} h6 {[%emt 0:00:00]} 15. Nxe6 {[%emt 0:00:06]} Rxe6 {[%emt 0:00:01]} 16. Be3 {[%emt 0:00:04]} Rg6 {[%emt 0:00:01]} 17. Qf3 {[%emt 0:00:02]} Nf6 {[%emt 0:00:01]} 18. Bxc5 {[%emt 0:00:02]} Qd7 {[%emt 0:00:01]} 19. Bb4 {[%emt 0:00:02]} Re8 {[%emt 0:00:01]} 20. Bc3 {[%emt 0:00:01]} Re6 {[%emt 0:00:01]} 21. Rxa7 {[%emt 0:00:02]} Kh7 {[%emt 0:00:01]} 22. Rxb7 {[%emt 0:00:01]} Ne8 {[%emt 0:00:01]} 23. g3 {[%emt 0:00:03]} Nd6 {[%emt 0:00:01]} 24. Ra7 {[%emt 0:00:03]} Rg5 {[%emt 0:00:02]} 25. Bd2 {[%emt 0:00:02]} Rgg6 {[%emt 0:00:01]} 26. b4 {[%emt 0:00:02]} Ref6 {[%emt 0:00:01]} 27. Qg2 {[%emt 0:00:01]} Nb5 {[%emt 0:00:01]} 28. Ra5 {[%emt 0:00:02]} Nd4 {[%emt 0:00:02]} 29. Rxf6 {[%emt 0:00:01]} Rxf6 {[%emt 0:00:00]} 30. c3 {[%emt 0:00:02]} Qg4 {[%emt 0:00:03]} 31. h3 {[%emt 0:00:01]} Qd1+ {[%emt 0:00:01]} 32. Kh2 {[%emt 0:00:01]} Nf3+ {[%emt 0:00:01]} 33. Qxf3 {[%emt 0:00:02]} Rxf3 {[%emt 0:00:00]} 34. h4 {[%emt 0:00:01]} Qxd2+ {[%emt 0:00:08]} 35. Kh3 {[%emt 0:00:01]} h5 {[%emt 0:00:01]} 36. Rg5 {[%emt 0:00:02]} g6 {[%emt 0:00:02] Zeit (Lag: Av=0.30s, max=1.0s)} 0-1

[Event "Stay Safe Play From Home 172"]
[Site "T#646326Emanuel Laske"]
[Date "2020.05.25"]
[Round "9"]
[White "Greblah"]
[Black "Trotsky"]
[Result "1-0"]
[WhiteElo "1852"]
[BlackElo "1534"]
[Annotator "NA RC"]
[PlyCount "101"]
[EventDate "2020.05.25"]
[EventType "swiss (blitz)"]

1. e4 {[%emt 0:00:01]} c5 {[%emt 0:00:01]} 2. Nc3 {[%emt 0:00:02]} e6 {[%emt 0:00:00]} 3. g3 {[%emt 0:00:00]} d5 {[%emt 0:00:01]} 4. Bg2 {[%emt 0:00:01]} Nc6 {[%emt 0:00:01]} 5. Nf3 {[%emt 0:00:02]} d4 {[%emt 0:00:01]} 6. Ne2 {[%emt 0:00:01]} Bd6 {[%emt 0:00:01]} 7. d3 {[%emt 0:00:01]} Qc7 {[%emt 0:00:01]} 8. Nf4 {[%emt 0:00:01]} Bd7 {[%emt 0:00:01]} 9. O-O {[%emt 0:00:02]} O-O-O {[%emt 0:00:01]} 10. Nh5 {[%emt 0:00:01]} Nf6 {[%emt 0:00:02]} 11. Nxg7 {[%emt 0:00:01]} Rdg8 {[%emt 0:00:01]} 12. Nxe6 {[%emt 0:00:01]} Bxe6 {[%emt 0:00:01]} 13. e5 {[%emt 0:00:02]} Nxe5 {[%emt 0:00:02]} 14. Nxe5 {[%emt 0:00:01]} Bxe5 {[%emt 0:00:01]} 15. Re1 {[%emt 0:00:01]} Bd6 {[%emt 0:00:01]} 16. Bh6 {[%emt 0:00:03]} Ng4 {[%emt 0:00:02]} 17. Rxe6 {[%emt 0:00:03]} Rg7 {[%emt 0:00:08]} 18. Bxg7 {[%emt 0:00:02]} Rg8 {[%emt 0:00:01]} 19. Re4 {[%emt 0:00:04]} h5 {[%emt 0:00:01]} 20. Bh3 {[%emt 0:00:01]} Rxg7 {[%emt 0:00:01]} 21. Bxg4+ {[%emt 0:00:02]} Kb8 {[%emt 0:00:03]} 22. Bh3 {[%emt 0:00:02]} h4 {[%emt 0:00:01]} 23. Qf3 {[%emt 0:00:02]} hxg3 {[%emt 0:00:01]} 24. fxg3 {[%emt 0:00:01]} Bxg3 {[%emt 0:00:03]} 25. Re8+ {[%emt 0:00:02]} Qd8 {[%emt 0:00:04]} 26. Rxd8+ {[%emt 0:00:01]} Kc7 {[%emt 0:00:01]} 27. Qxg3+ {[%emt 0:00:01]} Rxg3+ {[%emt 0:00:01]} 28. hxg3 {[%emt 0:00:01]} Kxd8 {[%emt 0:00:01]} 29. Kf2 {[%emt 0:00:00]} Ke7 {[%emt 0:00:01]} 30. Re1+ {[%emt 0:00:00]} Kd6 {[%emt 0:00:01]} 31. Re4 {[%emt 0:00:01]} Kc6 {[%emt 0:00:01]} 32. Rf4 {[%emt 0:00:00]} Kb5 {[%emt 0:00:01]} 33. Bf5 {[%emt 0:00:00]} b6 {[%emt 0:00:01]} 34. Be4 {[%emt 0:00:00]} a5 {[%emt 0:00:01]} 35. Rxf7 {[%emt 0:00:00]} Kb4 {[%emt 0:00:01]} 36. Bc6 {[%emt 0:00:01]} c4 {[%emt 0:00:01]} 37. a3+ {[%emt 0:00:01]} Kc5 {[%emt 0:00:03]} 38. dxc4 {[%emt 0:00:00]} Kxc4 {[%emt 0:00:01]} 39. Rf4 {[%emt 0:00:02]} b5 {[%emt 0:00:01]} 40. Rxd4+ {[%emt 0:00:00]} Kxd4 {[%emt 0:00:01]} 41. Bxb5 {[%emt 0:00:01]} Kc5 {[%emt 0:00:01]} 42. b4+ {[%emt 0:00:01]} axb4 {[%emt 0:00:01]} 43. axb4+ {[%emt 0:00:01]} Kxb4 {[%emt 0:00:01]} 44. g4 {[%emt 0:00:00]} Kxb5 {[%emt 0:00:01]} 45. Kf3 {[%emt 0:00:00]} Kc6 {[%emt 0:00:00]} 46. Kf4 {[%emt 0:00:00]} Kd6 {[%emt 0:00:01]} 47. Kg5 {[%emt 0:00:00]} Ke7 {[%emt 0:00:01]} 48. Kh6 {[%emt 0:00:00]} Kf7 {[%emt 0:00:01]} 49. Kh7 {[%emt 0:00:00]} Kf6 {[%emt 0:00:01]} 50. g5+ {[%emt 0:00:00]} Kxg5 {[%emt 0:00:01]} 51. c3 {[%emt 0:00:00] ' . Âðåìÿ (Lag: Av=0.24s, max=0.9s)} 1-0

[Event "Stay Safe Play From Home 172"]
[Site "T#646326Emanuel Laske"]
[Date "2020.05.25"]
[Round "9"]
[White "Majstor-resa"]
[Black "The Next Contender"]
[Result "0-1"]
[WhiteElo "1673"]
[BlackElo "1942"]
[Annotator "TA"]
[PlyCount "68"]
[EventDate "2020.05.25"]
[EventType "swiss (blitz)"]

{[%evp 9,68,-52,-1,-31,-39,-31,-25,-19,-13,-62,0,0,67,67,89,67,149,130,295,302,29989,245,29997,587,677,694,683,681,697,700,758,749,802,773,1372,1358,1655,1507,1474,878,972,957,855,693,1452,867,2995,962,1041,887,782,745,29996,29987,29995,1585,6287,6165,29991,29992,29992]} 1. d4 d5 2. Nf3 c5 3. Nc3 e6 4. Bg5 Be7 {[#]} 5. h4 $146 ({Predecessor:} 5. Bxe7 Qxe7 6. e4 dxe4 7. Nxe4 Nd7 8. dxc5 Kf8 9. Bb5 a6 10. Ba4 f5 11. Bxd7 fxe4 {1-0 (24) Johansson,A (2022)-Alfven,J (1851) Helsingor 2013}) 5... h6 (5... f6 $15 6. Bd2 Nc6) 6. Bf4 {D00: 1 d4 d5: Unusual lines.} Nf6 7. e3 O-O 8. Ne5 {Black has an edge.} Nc6 9. Qf3 Nd7 (9... cxd4 $15 10. Nxc6 bxc6 11. exd4 c5 12. dxc5 Bxc5) 10. O-O-O Ncxe5 (10... cxd4 $11 11. Nxc6 bxc6 12. exd4 Bxh4) 11. dxe5 $14 a6 12. g4 b5 {[#]} ({Black should try} 12... Bxh4 $14 13. Kb1 b5) 13. g5 $1 $16 {[%mdl 512]} h5 $2 {This costs Black the game.} (13... Bb7 $16) (13... hxg5 14. hxg5) 14. Qxh5 $18 {Threatening mate with Bd3.} b4 $2 (14... c4 $18 15. g6 fxg6 16. Qxg6 Nc5) 15. Ne2 $2 (15. Bd3 {mates} g6 {[#]} 16. Bxg6 $1 {[%mdl 512]} fxg6 17. Qxg6+ {[%mdl 64] Double Attack} Kh8 18. Qh6+ Kg8 19. g6 Nf6 20. exf6) 15... f6 $2 (15... Qb6 $18 16. g6 fxg6 17. Qxg6 Rf7) 16. exf6 (16. g6 $142 Re8 17. Qh7+ Kf8 18. Qh8#) 16... Nxf6 17. gxf6 Bxf6 18. Rg1 Bd7 19. Bg5 Be8 20. Qg4 c4 21. Nf4 Bf7 22. Nxe6 Bxe6 23. Qxe6+ {[%mdl 64] Double Attack} Kh8 24. f4 b3 25. axb3 cxb3 26. c3 a5 27. Qxd5 Qb6 28. f5 a4 29. Bxf6 Qxe3+ 30. Qd2 Qxg1 31. Bd4 Qg4 32. Bd3 (32. Qh6+ $142 Kg8 33. Bc4+ Rf7 34. Bxf7+ Kxf7 35. Qe6+ Kf8 36. Bc5#) 32... Qh5 {[#]} 33. f6 $1 a3 (33... gxf6 34. Qf4) 34. fxg7+ Kg8 {[%mdl 32768] Accuracy: White = 66%, Black = 26%. . Sensor Board Error (Ke4/e5)?} 0-1

[Event "Stay Safe Play From Home 172"]
[Site "T#646326Emanuel Laske"]
[Date "2020.05.25"]
[Round "9"]
[White "matanant"]
[Black "Vilmos47"]
[Result "1-0"]
[WhiteElo "1637"]
[BlackElo "973"]
[Annotator "NA"]
[PlyCount "41"]
[EventDate "2020.05.25"]
[EventType "swiss (blitz)"]

1. e3 {[%emt 0:00:03]} e5 {[%emt 0:00:01]} 2. d4 {[%emt 0:00:02]} e4 {[%emt 0:00:03]} 3. c4 {[%emt 0:00:01]} d5 {[%emt 0:00:02]} 4. Nc3 {[%emt 0:00:00]} c6 {[%emt 0:00:02]} 5. cxd5 {[%emt 0:00:02]} cxd5 {[%emt 0:00:03]} 6. Bb5+ {[%emt 0:00:00]} Nc6 {[%emt 0:00:02]} 7. Nge2 {[%emt 0:00:01]} Bb4 {[%emt 0:00:03]} 8. O-O {[%emt 0:00:02]} Bd7 {[%emt 0:00:01]} 9. a3 {[%emt 0:00:02]} Bxc3 {[%emt 0:00:01]} 10. Nxc3 {[%emt 0:00:02]} a6 {[%emt 0:00:01]} 11. Ba4 {[%emt 0:00:03]} Nf6 {[%emt 0:00:04]} 12. Bb3 {[%emt 0:00:03]} Bg4 {[%emt 0:00:06]} 13. f3 {[%emt 0:00:02]} exf3 {[%emt 0:00:03]} 14. gxf3 {[%emt 0:00:01]} Bh5 {[%emt 0:00:04]} 15. Qe1 {[%emt 0:00:09]} O-O {[%emt 0:00:02]} 16. Qh4 {[%emt 0:00:02]} Ne7 {[%emt 0:00:11]} 17. Bd2 {[%emt 0:00:10]} Nf5 {[%emt 0:00:02]} 18. Rae1 {[%emt 0:00:01]} Qd6 {[%emt 0:00:03]} 19. Qf2 {[%emt 0:00:02]} Rae8 {[%emt 0:00:02]} 20. e4 {[%emt 0:00:02]} Nh6 {[%emt 0:00:03]} 21. e5 {[%emt 0:00:01] Time} 1-0